แสดงรายละเอียดบรรณานุกรม
  กลับหน้าหลัก

Brief Record : Get Marc (ISO 2709) : E-mail record : QR code ปิดหน้าต่าง
E-books : เกี่ยวกับ Collections
LEADER 00000nam 2200000uu 4500
001    210774
003     ULIBM
008    020711s2014 th a 000 0 eng d
020    978-0-07-179479-4
041    ^aeng
060  4 WL140 R785a 2014
100    Ropper, Allan H.
245    Adams and victors principles of neurology/^cAllan H. Ropper,Martin A. Samuels,Joshua P. Klein.
250    10th ed.
260    New York :^bMcGraw-Hill education/Medical,^c2014.
300    ix,1654 p. :^bill ;^c28 cm.
650  4 Nervous System Diseases
650  4 ^aMental Disorders
650  4 ^aNeurologic Manifestations
700 0  ^aSamuels, Martin A.
700 0  ^aKlein, Joshua P.
856    ^zIMG_6581.JPG (สารบัญหนังสือ)^uhttp://library.bcnkk.ac.th/ULIB62015//_fulltext/5/210774/IMG_6581.JPG
856    ^zIMG_6585.JPG (สารบัญหนังสือ)^uhttp://library.bcnkk.ac.th/ULIB62015//_fulltext/5/210774/IMG_6585.JPG
999    ^aใช้งานได้ทุกระบบ
รายการนี้ยังไม่มีแท็ก
คุณยังไม่ได้ล็อกอิน คุณสามารถมีกิจกรรมร่วมกับเว็บไซต์ได้ แต่ต้องล็อกอินก่อน ::
  ล็อกอิน
ลำดับที่ ประเภท เลขเรียก สถานที่ สถานะ
1. การพยาบาล (ตำราหลัก)
การพยาบาล (ตำราหลัก)
WL140 R785a 2014 c.1 
  
การพยาบาลผู้ใหญ่ On Shelf
  ขอยืม
Note:ปีงบประมาณ 2558
   [แสดง 1/1 รายการ]

รายการใกล้เคียง
    หัวเรื่อง [Nervous System Diseases]
    หัวเรื่อง [Mental Disorders]

BibComment


ยังไม่เคยถูกคอมเมนท์

คอมเมนท์ทรัพยากรรายการนี้
  คอมเมนท์: Adams and victors..
Bib 210774

 
 
 

 Union Library Management : ULibM
Copyright 2026. All Rights Reserved.
скачать бесплатно без регистрации порно красивый секс HD Sex Hindi sex

xxx gou

xxxx

bfxxx

xxxwww

Секса Видео

xxxx

Секса Видео

detube

geilexxx

C99 Shell

worms shell

blod xxx video
Ebony Coed Rihanna Rimes Takes A Dick In Her Young Twat priyaa indian fuck anal and pusssy hardcore indian women xxx desi hardcore fucking part 1 bengalixxxcouple